000
00224 a2200097 4500
001
53235
100
_a
Frass, A P
245
_a
Engg evaluation of energy systems
260
_a
London
_b
Mc Graw Hill
_c
090
_c
33521
_d
33521
942
_a
NUST-CAE
_c
M
_c
26138
999
_c
288308
_d
288308